000 00549nam a2200205Ia 4500
003 OSt
005 20230511140903.0
008 210423s2000 xx 000 0 und d
040 _cAL
041 _aeng
082 _a305.56
_223
_bSINR
100 _aSINGH (S N)
_9103075
245 _aReservation policy for backword classes
260 _aKottaym
_bAllied Publishers
_c2000
365 _b450
_cINR
650 _aSocial Classes
_9103076
650 _aSociology
_9103077
906 _abackword ; classes ; policy ; Reservation
942 _2ddc
_cBK
999 _c171971
_d171971